Babies and Young Children: diploma in child care and education (Record no. 5469)
[ view plain ]
| 000 -LEADER | |
|---|---|
| fixed length control field | 00574nam a22002057a 4500 |
| 003 - CONTROL NUMBER IDENTIFIER | |
| control field | OSt |
| 005 - DATE AND TIME OF LATEST TRANSACTION | |
| control field | 20170120173745.0 |
| 008 - FIXED-LENGTH DATA ELEMENTS--GENERAL INFORMATION | |
| fixed length control field | 170120b xxu||||| |||| 00| 0 eng d |
| 020 ## - INTERNATIONAL STANDARD BOOK NUMBER | |
| International Standard Book Number | 0748763821 |
| 040 ## - CATALOGING SOURCE | |
| Transcribing agency | DMLN |
| 082 ## - DEWEY DECIMAL CLASSIFICATION NUMBER | |
| Classification number | WS113 B38b 2001 |
| 100 ## - MAIN ENTRY--PERSONAL NAME | |
| Personal name | Beaver, Marian [et...al] |
| 9 (RLIN) | 11421 |
| 245 ## - TITLE STATEMENT | |
| Title | Babies and Young Children: diploma in child care and education |
| 260 ## - PUBLICATION, DISTRIBUTION, ETC. (IMPRINT) | |
| Place of publication, distribution, etc. | Cheltenham; Nelson Thornes, 2001 |
| 300 ## - PHYSICAL DESCRIPTION | |
| Extent | xv,694p; ill: 27cm |
| 504 ## - BIBLIOGRAPHY, ETC. NOTE | |
| Bibliography, etc | Glossary, & index included |
| 650 ## - SUBJECT ADDED ENTRY--TOPICAL TERM | |
| Topical term or geographic name as entry element | Children |
| 9 (RLIN) | 43 |
| 650 ## - SUBJECT ADDED ENTRY--TOPICAL TERM | |
| Topical term or geographic name as entry element | Education |
| 9 (RLIN) | 1404 |
| 942 ## - ADDED ENTRY ELEMENTS (KOHA) | |
| Source of classification or shelving scheme | Other/Generic Classification Scheme |
| Koha item type | Newspaper |
| Withdrawn status | Lost status | Source of classification or shelving scheme | Damaged status | Not for loan | Home library | Current library | Date acquired | Source of acquisition | Inventory number | Total Checkouts | Full call number | Barcode | Date last seen | Koha item type |
|---|---|---|---|---|---|---|---|---|---|---|---|---|---|---|
| Other/Generic Classification Scheme | MUST Main Library | MUST Main Library | 20/01/2017 | 09/31758 | WS113 B38b 2001 | 2017-0044 | 20/01/2017 | Open Shelf |
